书目信息 |
| 题名: |
新世纪商务
|
|
| 作者: | 姚立新 著 | |
| 分册: | ||
| 出版信息: | 北京 中国发展出版社 1999 |
|
| 页数: | 300页 | |
| 开本: | 20cm | |
| 丛书名: | 大市场视窗 | |
| 单 册: | ||
| 中图分类: | F716 | |
| 科图分类: | ||
| 主题词: | 商业管理--计算机应用 , 商业管理 , 计算机应用 | |
| 电子资源: | ||
| ISBN: | 7-80087-398-6 | |
| 000 | 00836oam2 2200277 450 | |
| 001 | 1237402937 | |
| 005 | 20121005102428.45 | |
| 010 | @a7-80087-398-6@dCNY18 | |
| 100 | @a19991029d1999 em y0chiy0110 ea | |
| 101 | 0 | @achi |
| 102 | @aCN@b110000 | |
| 105 | @ay z 000yy | |
| 200 | 1 | @a新世纪商务@Axin shi ji shang wu@e电子商务的知识·发展与运作@f姚立新著 |
| 210 | @a北京@c中国发展出版社@d1999 | |
| 215 | @a300页@d20cm | |
| 225 | 2 | @a大市场视窗@dThe window of major market@zeng |
| 461 | 0 | @12001 @a大市场视窗 |
| 517 | 1 | @a电子商务的知识·发展与运作@Adian zi shang wu de zhi shi · fa zhan yu yun zuo |
| 606 | 0 | @a商业管理@x计算机应用 |
| 606 | 0 | @a商业管理 |
| 606 | 0 | @a计算机应用 |
| 610 | 0 | @a电子商务 |
| 690 | @aF716@v3 | |
| 701 | 0 | @a姚立新@Ayao li xin@4著 |
| 801 | 0 | @aCN@bNLC@c20101222 |
| 905 | @a10447@dF716@eJY34 | |
| 新世纪商务:电子商务的知识·发展与运作/姚立新著.-北京:中国发展出版社,1999 |
| 300页;20cm.-(大市场视窗=The window of major market) |
| ISBN 7-80087-398-6:CNY18 |
| ● |
| 相关链接 |
|
|
|
|
正题名:新世纪商务
索取号:F716/JY34
 
预约/预借
| 序号 | 登录号 | 条形码 | 馆藏地/架位号 | 状态 | 备注 |
| 1 | 7814064 | 278140646 | 学院路分馆/ [索取号:F716/JY34] | 在馆 | |
| 2 | 7814065 | 278140655 | 学院路分馆/ [索取号:F716/JY34] | 在馆 | |
| 3 | 7814066 | 278140664 | 学院路分馆/ [索取号:F716/JY34] | 在馆 | |
| 4 | 7814067 | 278140673 | 学院路分馆/ [索取号:F716/JY34] | 在馆 |